Taylor Swift Songs - Statistics

General Stats
  • This quiz has been taken 195 times
  • The average score is 11 of 11
Answer Stats
Hint Answer % Correct
k i ____ you were trouble knew
100%
s blank _____ space
100%
a ___ too well all
98%
e _____ has changed everything
98%
f sparks ____ fly
98%
f _____ and always forever
98%
h white _____ horse
98%
i __ know places i
98%
o ___ of the woods out
98%
t _____ on my guitar teardrops
98%
! what is her #1 single shake it off
71%
No matching quizzes found
Score Distribution
Percent of People with Each Score
Percentile by Number Answered
Your Score History
You have not taken this quiz